000 00290nam a2200133Ia 4500
100 _aXavier/ Eugene/S.P
942 _cBK
654 _aautomata
245 _aTheory of Automata
260 _bNew Age Interational Ltd.
_c2004
082 _a511.3
_bXAV
300 _a347
546 _aENGLISH
999 _c18738
_d18738